000 01032nac a22003137a 4500
001 BR0400113
003 BR-BrBNA
005 20240105122928.0
008 230509b bl.|||m| |||| 00| 0 por d
040 _aBR-BrBNA
_bpor
_cBiblioteca Nacional de Agricultura
072 _ak10; k50
090 _ak10 BR0400113
100 1 _aVilcahuaman, L.J.M.
100 1 _aConto, A.J. de
100 1 _aRodigheri, H.R.
110 1 _aEMBRAPA Florestas, Colombo, PR (Brasil)
245 1 _aO plantio e o processamento florestal como alternativa econômica para pequenas propriedades e comunidades rurais
260 3 _aColombo, PR (Brasil):
_c2002.
300 _a29 p.
490 _aDocumentos - EMBRAPA Florestas (Brazil)
_vno. 71
_xISSN 1517-536X
650 _aFLORESTA
650 _aDESENVOLVIMENTO SÓCIO-ECONÔMICO
650 _aIMPLANTAÇÃO DE CULTURA
650 _aPROPRIEDADE RURAL
650 _aCADEIA PRODUTIVA
650 _aCOMUNIDADE RURAL
909 _a202312
_bLúcia Elande
_c55
_dLúcia Elande
942 _2AGRIS
_n0
_cMS
999 _c293348
_d293348